000 00376 a2200169 4500
001 160940
020 _a85-16-03603-0
040 _cMagnum
100 _aCarr, Stella
240 1 0 _aCuidado, não olhe para trás!
_lpor
245 1 0 _aCuidado, não olhe para trás!
300 _a152
362 0 _a2003
440 1 _aModerna
697 _aLITERATURA JUVENIL
942 _cBK
999 _c160940
_d160940